[Event "82nd Tata Steel Masters 2020"]
[Site "Wijk aan Zee"]
[Date "2020.01.11"]
[Round "1.2"]
[White "Xiong, Jeffery"]
[Black "Dubov, Daniil"]
[Result "1/2-1/2"]
[WhiteElo "2712"]
[BlackElo "2683"]
[Annotator "TA"]
[PlyCount "103"]
[EventDate "2020.01.11"]
[EventType "tourn"]
[EventCountry "NED"]
[SourceTitle "playchess.com"]
[Source "ChessBase"]
[SourceQuality "1"]

1. e4 c5 2. Nf3 Nc6 3. Bb5 g6 4. Bxc6 bxc6 5. O-O Bg7 6. Re1 Nh6 7. c3 O-O 8. d3 d6 9. h3 Rb8 10. d4 cxd4 11. cxd4 f5 12. e5 Nf7 13. Qc2 Qa5 14. Bd2 Qb6 15. Bc3 f4 16. Nbd2 Bf5 17. Qa4 Bd3 18. exd6 exd6 19. Re7 Rb7 20. Rae1 Qa6 21. Qxa6 Bxa6 22. Rxb7 Bxb7 23. Re7 Rb8 24. Rc7 a6 25. Nb3 c5 26. dxc5 Bxf3 27. gxf3 dxc5 28. Nxc5 Bxc3 29. bxc3 Rb1+ 30. Kg2 Nd6 31. Ne6 Nf5 32. Nxf4 Nh4+ 33. Kg3 Nf5+ 34. Kg2 Nh4+ 35. Kh2 Nxf3+ 36. Kg3 Ng5 37. Kg2 Rb2 38. Nd5 Ne4 39. Kf3 Nxf2 40. Nf6+ Kf8 41. Nxh7+ Ke8 42. Ng5 Rxa2 43. c4 a5 44. h4 a4 45. Nf7 a3 46. Nd6+ Kd8 47. Ra7 Nd3 48. Ke4 Nb4 49. Nf7+ Ke8 50. Nd6+ Kd8 51. Nf7+ Ke8 52. Nd6+ 1/2-1/2

[Event "83rd Tata Steel Masters 2021"]
[Site "Wijk aan Zee"]
[Date "2021.01.16"]
[Round "1.2"]
[White "Wojtaszek, Radoslaw"]
[Black "Anton Guijarro, David"]
[Result "1/2-1/2"]
[WhiteElo "2705"]
[BlackElo "2679"]
[Annotator "TA"]
[PlyCount "134"]
[EventDate "2021.01.16"]
[EventType "tourn"]
[EventCountry "NED"]
[SourceTitle "playchess.com"]
[Source "ChessBase"]
[SourceQuality "1"]

1. d4 Nf6 2. c4 e6 3. Nf3 d5 4. g3 Bb4+ 5. Bd2 Be7 6. Bg2 Nbd7 7. Qc2 c6 8. O-O b6 9. Rd1 Ba6 10. b3 O-O 11. a4 h6 12. a5 Qc8 13. Na3 c5 14. Qb2 bxa5 15. Bxa5 Rb8 16. Qa2 dxc4 17. Nxc4 Bb7 18. Rdc1 Bd5 19. Bd2 Ne4 20. Bf4 Rb7 21. Nfd2 Nxd2 22. Bxd5 exd5 23. Nxd2 Qd8 24. Qa6 Qb6 25. Be3 Rfb8 26. Qd3 cxd4 27. Bxd4 Bc5 28. Bxc5 Nxc5 29. Qxd5 Nxb3 30. Nxb3 Qxb3 31. Qxb3 Rxb3 32. Rxa7 Rb1 33. Rxb1 Rxb1+ 34. Kg2 h5 35. Kf3 g6 36. h4 Kg7 37. e4 Rb3+ 38. Kf4 Rb2 39. f3 Rb4 40. Ra5 Kf6 41. g4 hxg4 42. Kxg4 Rb1 43. h5 Rg1+ 44. Kf4 gxh5 45. Rxh5 Ra1 46. Rh6+ Kg7 47. Rd6 Ra3 48. e5 Ra4+ 49. Kf5 Ra3 50. f4 Ra5 51. Kg5 Rb5 52. Rd7 Ra5 53. Kg4 Kf8 54. Kf5 Kg7 55. Ke4 Kf8 56. f5 Ke8 57. Rc7 Ra1 58. Kf4 Rg1 59. Rb7 f6 60. Rb8+ Ke7 61. Rb7+ Ke8 62. e6 Rf1+ 63. Ke4 Re1+ 64. Kd5 Rd1+ 65. Kc4 Rc1+ 66. Kd3 Rd1+ 67. Kc4 Rc1+ 1/2-1/2

[Event "86th Tata Steel Masters 2024"]
[Site "Wijk aan Zee"]
[Date "2024.01.13"]
[Round "1.2"]
[White "Van Foreest, Jorden"]
[Black "Firouzja, Alireza"]
[Result "*"]
[WhiteElo "2682"]
[BlackElo "2759"]
[Annotator "TA"]
[PlyCount "34"]
[EventDate "2024.01.02"]
[EventType "tourn"]
[EventCountry "NED"]
[SourceTitle "playchess.com"]
[Source "ChessBase"]
[SourceQuality "1"]

1. e4 e6 2. d4 d5 3. Nc3 Nf6 4. Bg5 dxe4 5. Nxe4 Be7 6. Nxf6+ Bxf6 7. Bxf6 Qxf6 8. Nf3 O-O 9. Qd3 Bd7 10. Qe3 Nc6 11. O-O-O Nb4 12. Ne5 Bc6 13. a3 Nd5 14. Qd2 Rfd8 15. g3 Ne7 16. Rg1 Nf5 17. Qf4 g5 *

[Event "84th Tata Steel Challengers 2022"]
[Site "Wijk aan Zee"]
[Date "2022.01.15"]
[Round "1.2"]
[White "Jumabayev, Rinat"]
[Black "Nguyen, Thai Dai Van"]
[Result "1/2-1/2"]
[WhiteElo "2631"]
[BlackElo "2609"]
[Annotator "TA"]
[PlyCount "85"]
[EventDate "2022.01.15"]
[EventType "tourn"]
[EventCountry "NED"]
[SourceTitle "playchess.com"]
[Source "ChessBase"]
[SourceQuality "1"]

1. d4 d5 2. c4 e6 3. Nf3 Nf6 4. g3 Be7 5. Bg2 O-O 6. O-O dxc4 7. Qa4 a6 8. Qxc4 b5 9. Qc2 Bb7 10. Bd2 Nc6 11. e3 Nb4 12. Bxb4 Bxb4 13. a3 Bd6 14. Nbd2 Rc8 15. Nb3 Be4 16. Qc3 Bd5 17. Nc5 Bxc5 18. dxc5 Ne4 19. Qc2 Ng5 20. Nxg5 Qxg5 21. h4 Qe7 22. Bxd5 exd5 23. c6 Rfd8 24. Rfd1 Rd6 25. a4 Qf6 26. axb5 axb5 27. Rac1 g6 28. Rd4 Ra8 29. Qc5 Ra4 30. b4 Ra2 31. Rf4 Qb2 32. Kg2 Rf6 33. Rf1 Rxf4 34. exf4 Qe2 35. Qxd5 Rd2 36. Qe5 Qxe5 37. fxe5 Re2 38. Rd1 Rxe5 39. Rd7 Re4 40. Rxc7 Rxb4 41. Rb7 Rc4 42. c7 Kg7 43. Rxb5 1/2-1/2

[Event "Tata Steel Tienkampen 2023"]
[Site "Wijk aan Zee"]
[Date "2023.01.20"]
[Round "1.2"]
[White "Martins, Vinicius Tine"]
[Black "Van Dael, Siem"]
[Result "0-1"]
[WhiteElo "2320"]
[BlackElo "2291"]
[Annotator "TA"]
[PlyCount "56"]
[EventDate "2023.01.20"]
[EventType "swiss"]
[EventCountry "NED"]
[SourceTitle "playchess.com"]
[Source "ChessBase"]
[SourceQuality "1"]

1. d4 Nf6 2. g3 g6 3. Bg2 Bg7 4. e4 d6 5. Nc3 O-O 6. Nge2 e5 7. O-O c6 8. h3 Nbd7 9. Re1 Re8 10. Bg5 Nf8 11. Qd2 Ne6 12. Be3 b5 13. d5 cxd5 14. exd5 Nc7 15. a4 b4 16. Nb5 Bb7 17. Bxa7 Nxb5 18. axb5 Qd7 19. Ra5 e4 20. b6 Re5 21. c4 e3 22. fxe3 Ne4 23. Qc2 Nc5 24. Nd4 Rxe3 25. Rxe3 Bxd4 26. Qf2 Nb3 27. Rb5 Re8 28. Rxb3 Re1+ 0-1

[Event "84th Tata Steel Masters 2022"]
[Site "Wijk aan Zee"]
[Date "2022.01.15"]
[Round "1.3"]
[White "Giri, Anish"]
[Black "Praggnanandhaa R"]
[Result "1/2-1/2"]
[WhiteElo "2772"]
[BlackElo "2612"]
[Annotator "TA"]
[PlyCount "87"]
[EventDate "2022.01.15"]
[EventType "tourn"]
[EventCountry "NED"]
[SourceTitle "playchess.com"]
[Source "ChessBase"]
[SourceQuality "1"]

1. c4 e5 2. g3 c6 3. Nf3 e4 4. Nd4 d5 5. cxd5 Qxd5 6. Nc2 Nf6 7. Nc3 Qe5 8. Bg2 Na6 9. O-O Be7 10. Ne1 Nb4 11. f3 exf3 12. Nxf3 Qh5 13. d4 Nbd5 14. e4 Nxc3 15. bxc3 Nxe4 16. Re1 f5 17. Qb3 Qf7 18. Qxf7+ Kxf7 19. Ne5+ Kg8 20. Bxe4 fxe4 21. Rxe4 Bf5 22. Re1 Bf6 23. Nc4 b6 24. Bf4 h5 25. Nd6 Bg6 26. Ne4 Bxe4 27. Rxe4 Kf7 28. Rae1 Rad8 29. Be5 Rhe8 30. Bxf6 Rxe4 31. Rxe4 gxf6 32. Kf2 Rd5 33. Re2 c5 34. Ke3 cxd4+ 35. cxd4 Ke6 36. Kd3+ Kd6 37. Rf2 f5 38. a4 Ra5 39. Kc3 a6 40. Kb4 Ke6 41. Re2+ Kd7 42. Rf2 Ke6 43. Re2+ Kd7 44. Rf2 1/2-1/2

[Event "83rd Tata Steel Masters 2021-TB"]
[Site "Wijk aan Zee"]
[Date "2021.01.31"]
[Round "1.3"]
[White "Giri, Anish"]
[Black "Van Foreest, Jorden"]
[Result "0-1"]
[WhiteElo "2764"]
[BlackElo "2671"]
[Annotator "TA"]
[PlyCount "122"]
[EventDate "2021.01.16"]
[EventType "tourn"]
[EventCountry "NED"]
[SourceTitle "playchess.com"]
[Source "ChessBase"]
[SourceQuality "1"]

1. d4 d5 2. Bf4 Nf6 3. e3 c5 4. Nf3 Nc6 5. Nbd2 e6 6. c3 Bd6 7. Bg3 h6 8. Bb5 Be7 9. Ne5 Qb6 10. a4 O-O 11. O-O a6 12. Bxc6 bxc6 13. dxc5 Bxc5 14. b4 Be7 15. a5 Qb7 16. Nd3 Nd7 17. Nb3 Qb5 18. Nd4 Qb7 19. Rb1 Nf6 20. Nc5 Bxc5 21. bxc5 Qd7 22. Rb6 Ne4 23. Rxc6 Nxc3 24. Qc2 Nb5 25. Rb6 Na3 26. c6 Nxc2 27. cxd7 Nxd4 28. exd4 Bxd7 29. Rc1 Bb5 30. Bd6 Rfc8 31. Bc5 Rc7 32. Re1 Rac8 33. f4 h5 34. Kf2 Kh7 35. h3 Kg6 36. g4 hxg4 37. hxg4 Rc6 38. Rb7 R8c7 39. Rb8 Rc8 40. Rb7 R8c7 41. Rxc7 Rxc7 42. Re5 Bd7 43. Rg5+ Kh7 44. Bf8 g6 45. Re5 f6 46. Re3 Kg8 47. Bc5 Rb7 48. Bb6 Bb5 49. Rxe6 Kf7 50. Re1 Re7 51. Rc1 Re4 52. Kf3 Be2+ 53. Kg3 Re3+ 54. Kf2 Re4 55. Rc7+ Ke8 56. g5 Rxf4+ 57. Kxe2 fxg5 58. Ra7 g4 59. Rxa6 g3 60. Ra8+ Ke7 61. Rd8 g2 0-1

[Event "83rd Tata Steel Masters 2021"]
[Site "Wijk aan Zee"]
[Date "2021.01.16"]
[Round "1.3"]
[White "Harikrishna, Pentala"]
[Black "Vachier-Lagrave, Maxime"]
[Result "1/2-1/2"]
[WhiteElo "2732"]
[BlackElo "2784"]
[Annotator "TA"]
[PlyCount "127"]
[EventDate "2021.01.16"]
[EventType "tourn"]
[EventCountry "NED"]
[SourceTitle "playchess.com"]
[Source "ChessBase"]
[SourceQuality "1"]

1. e4 c5 2. Nf3 d6 3. d4 cxd4 4. Nxd4 Nf6 5. Nc3 a6 6. Be3 e5 7. Nf3 Be7 8. Bc4 O-O 9. O-O Be6 10. Bb3 b5 11. Re1 Qc7 12. Nh4 Nbd7 13. Nf5 Bxf5 14. exf5 b4 15. Nd5 Nxd5 16. Bxd5 Rab8 17. Bb3 a5 18. Qf3 Nb6 19. Rad1 Bf6 20. Bxb6 Rxb6 21. Rd5 Rc6 22. Red1 h6 23. Ba4 Rc4 24. Rxd6 Rf4 25. Qe2 Rxf5 26. g3 e4 27. Qxe4 Qc5 28. Qe2 Bxb2 29. Bb3 Bc3 30. R1d5 Rxd5 31. Rxd5 Qa7 32. Qd3 Be1 33. Qe2 Bc3 34. Qd3 Be1 35. Qe3 Qxe3 36. fxe3 Re8 37. Rxa5 Kf8 38. Rf5 f6 39. Rf3 Bc3 40. h3 Be5 41. Kg2 Rd8 42. Rf2 Ke7 43. g4 Rd1 44. c3 Rd3 45. cxb4 Rxe3 46. Rf3 Rxf3 47. Kxf3 Bc3 48. a3 Bb2 49. a4 Bc3 50. b5 Kd6 51. Ke4 Kc5 52. Kf5 g5 53. Kg6 Kb6 54. Kxh6 Bb2 55. Kg6 Bc3 56. Kf5 Bd4 57. Bc2 Bb2 58. Ke6 Bc3 59. Kd5 Bd2 60. Bd3 Bc3 61. Ke6 Bb2 62. Kd5 Bc3 63. Be2 Bd2 64. Ke4 1/2-1/2

[Event "84th Tata Steel Challengers 2022"]
[Site "Wijk aan Zee"]
[Date "2022.01.15"]
[Round "1.3"]
[White "Ganguly, Surya Shekhar"]
[Black "Maurizzi, Marc`Andria"]
[Result "1-0"]
[WhiteElo "2627"]
[BlackElo "2496"]
[Annotator "TA"]
[PlyCount "77"]
[EventDate "2022.01.15"]
[EventType "tourn"]
[EventCountry "NED"]
[SourceTitle "playchess.com"]
[Source "ChessBase"]
[SourceQuality "1"]

1. Nf3 d5 2. e3 Nf6 3. c4 e6 4. Nc3 Be7 5. b3 O-O 6. Bb2 c5 7. cxd5 exd5 8. d4 Nc6 9. Be2 Ne4 10. dxc5 Qa5 11. Rc1 Bf6 12. Nd4 Nxc5 13. Nxc6 bxc6 14. O-O Ne4 15. Qc2 Bxc3 16. Bxc3 Nxc3 17. Qxc3 Qxa2 18. Rc2 Qa3 19. Ra1 Qe7 20. Qxc6 Be6 21. Qc5 Qb7 22. Qd4 Qb6 23. b4 Qxd4 24. exd4 Rfb8 25. b5 Rb7 26. Bd3 g5 27. g3 Re8 28. Re1 Rd8 29. Re5 h6 30. f4 gxf4 31. gxf4 Rd6 32. f5 Bd7 33. Rc5 Kf8 34. Kf2 f6 35. Rexd5 Rdb6 36. Kg3 Ke7 37. Kf4 Be8 38. Rc1 Rd6 39. Re1+ 1-0

[Event "86th Tata Steel Tienkamp 2024"]
[Site "Wijk aan Zee"]
[Date "2024.01.19"]
[Round "1.3"]
[White "Zwirs, Nico"]
[Black "Niermann, Tristan"]
[Result "0-1"]
[WhiteElo "2476"]
[BlackElo "2413"]
[Annotator "TA"]
[PlyCount "70"]
[EventDate "2024.01.02"]
[EventType "tourn"]
[EventCountry "NED"]
[SourceTitle "playchess.com"]
[Source "ChessBase"]
[SourceQuality "1"]

1. e4 c5 2. Nf3 d6 3. d4 cxd4 4. Nxd4 Nf6 5. Nc3 Nc6 6. Bg5 e6 7. Qd2 a6 8. Nxc6 bxc6 9. O-O-O h6 10. Bf4 d5 11. Qe3 Qa5 12. exd5 cxd5 13. Be2 Bb7 14. h4 Rc8 15. Be5 Nd7 16. Bd4 Bc5 17. Rh3 Bxd4 18. Rxd4 Qc5 19. f4 O-O 20. Rg3 Rfe8 21. a3 Kh8 22. Rb4 Qc7 23. Qd4 f6 24. Qa7 Nc5 25. Qb6 Qe7 26. Kb1 f5 27. Rh3 e5 28. Bh5 Red8 29. fxe5 d4 30. Na4 Bxg2 31. Rh2 Rc6 32. Qa5 Be4 33. Rd2 d3 34. Ka1 Nxa4 35. Rxa4 Rd5 0-1

[Event "Tata Steel Tienkampen 2023"]
[Site "Wijk aan Zee"]
[Date "2023.01.20"]
[Round "1.3"]
[White "Zwirs, Nico"]
[Black "Culum, Sanjin"]
[Result "1-0"]
[WhiteElo "2467"]
[BlackElo "2242"]
[Annotator "TA"]
[PlyCount "79"]
[EventDate "2023.01.20"]
[EventType "swiss"]
[EventCountry "NED"]
[SourceTitle "playchess.com"]
[Source "ChessBase"]
[SourceQuality "1"]

1. e4 c5 2. Nf3 Nc6 3. d4 cxd4 4. Nxd4 Nf6 5. Nc3 e5 6. Ndb5 d6 7. Bg5 a6 8. Na3 b5 9. Nd5 Be7 10. Bxf6 Bxf6 11. c4 Nd4 12. cxb5 Be6 13. Bc4 axb5 14. Bxb5+ Kf8 15. Bc4 Qa5+ 16. Qd2 Qxd2+ 17. Kxd2 Bd8 18. Nc2 Ba5+ 19. Kd3 Nxc2 20. Kxc2 f5 21. f3 Kf7 22. Kd3 Rhb8 23. Rhb1 Ra7 24. a3 Bd8 25. b4 Rba8 26. Rb3 g6 27. Nc3 Bxc4+ 28. Kxc4 Rc8+ 29. Kd3 Rac7 30. a4 Ke6 31. a5 Rc4 32. b5 Bg5 33. Ra4 Rxa4 34. Nxa4 Rc1 35. b6 Rd1+ 36. Kc2 Rd2+ 37. Kc3 Ra2 38. b7 Bd2+ 39. Kd3 Bxa5 40. Nc3 1-0

[Event "82nd Tata Steel Masters 2020"]
[Site "Wijk aan Zee"]
[Date "2020.01.11"]
[Round "1.4"]
[White "Caruana, Fabiano"]
[Black "So, Wesley"]
[Result "1/2-1/2"]
[WhiteElo "2822"]
[BlackElo "2765"]
[Annotator "TA"]
[PlyCount "66"]
[EventDate "2020.01.11"]
[EventType "tourn"]
[EventCountry "NED"]
[SourceTitle "playchess.com"]
[Source "ChessBase"]
[SourceQuality "1"]

1. d4 Nf6 2. c4 g6 3. Nc3 d5 4. Nf3 Bg7 5. e3 O-O 6. Bd2 e6 7. Rc1 Nbd7 8. Bd3 dxc4 9. Bxc4 c5 10. O-O b6 11. Qe2 Bb7 12. Rfd1 a6 13. a4 Qe7 14. Be1 Rfd8 15. b3 cxd4 16. exd4 Qd6 17. Ng5 h6 18. Nge4 Nxe4 19. Nxe4 Qe7 20. f3 Nf6 21. Bh4 Rd7 22. d5 exd5 23. Nxf6+ Bxf6 24. Qxe7 Bxe7 25. Bxe7 Rxe7 26. Bxd5 Bxd5 27. Rxd5 Re3 28. h4 h5 29. b4 Ra3 30. a5 Ra4 31. Rc4 Rb8 32. axb6 Rxb6 33. Rdd4 Kg7 1/2-1/2

[Event "84th Tata Steel Masters 2022"]
[Site "Wijk aan Zee"]
[Date "2022.01.15"]
[Round "1.4"]
[White "Dubov, Daniil"]
[Black "Mamedyarov, Shakhriyar"]
[Result "1/2-1/2"]
[WhiteElo "2720"]
[BlackElo "2767"]
[Annotator "TA"]
[PlyCount "59"]
[EventDate "2022.01.15"]
[EventType "tourn"]
[EventCountry "NED"]
[SourceTitle "playchess.com"]
[Source "ChessBase"]
[SourceQuality "1"]

1. d4 d5 2. c4 c6 3. Nf3 Nf6 4. Nc3 e6 5. g3 dxc4 6. Bg2 b5 7. Ne5 a6 8. O-O Bb7 9. b3 b4 10. Na4 c3 11. Nc4 a5 12. a3 Ba6 13. Bf4 Bb5 14. e4 Be7 15. Nab6 Ra6 16. a4 Rxb6 17. axb5 Rxb5 18. Ra2 O-O 19. Qa1 Qxd4 20. Rd1 Qa7 21. Nxa5 Bc5 22. Nxc6 Bxf2+ 23. Kh1 Qb6 24. Bxb8 Qxc6 25. e5 Ne4 26. Bd6 Rd8 27. Re2 f5 28. exf6 c2 29. f7+ Kxf7 30. Rf1 1/2-1/2

[Event "83rd Tata Steel Masters 2021"]
[Site "Wijk aan Zee"]
[Date "2021.01.16"]
[Round "1.4"]
[White "Esipenko, Andrey"]
[Black "Duda, Jan-Krzysztof"]
[Result "1/2-1/2"]
[WhiteElo "2677"]
[BlackElo "2743"]
[Annotator "TA"]
[PlyCount "60"]
[EventDate "2021.01.16"]
[EventType "tourn"]
[EventCountry "NED"]
[SourceTitle "playchess.com"]
[Source "ChessBase"]
[SourceQuality "1"]

1. e4 e5 2. Nf3 Nf6 3. Nxe5 d6 4. Nf3 Nxe4 5. d4 d5 6. Bd3 Bf5 7. O-O Be7 8. Re1 O-O 9. Nbd2 Nd6 10. Nf1 c6 11. Bf4 Bxd3 12. Qxd3 Nd7 13. Qb3 Nb6 14. a4 Nbc4 15. Ne5 Nxe5 16. dxe5 Ne4 17. Ng3 Nxg3 18. Qxg3 Re8 19. Rad1 Qd7 20. c4 Bb4 21. Bh6 Bf8 22. Be3 Qf5 23. cxd5 Rxe5 24. dxc6 bxc6 25. Rc1 Rae8 26. Red1 Qe4 27. Qf4 Qxf4 28. Bxf4 Re4 29. Be3 Rxa4 30. Rxc6 Rb4 1/2-1/2

[Event "84th Tata Steel Challengers 2022"]
[Site "Wijk aan Zee"]
[Date "2022.01.15"]
[Round "1.4"]
[White "Bjerre, Jonas Buhl"]
[Black "L'Ami, Erwin"]
[Result "1-0"]
[WhiteElo "2586"]
[BlackElo "2622"]
[Annotator "TA"]
[PlyCount "117"]
[EventDate "2022.01.15"]
[EventType "tourn"]
[EventCountry "NED"]
[SourceTitle "playchess.com"]
[Source "ChessBase"]
[SourceQuality "1"]

1. Nf3 Nf6 2. c4 c6 3. d4 d5 4. e3 Bg4 5. Qb3 Qb6 6. Ne5 Bf5 7. cxd5 Qxb3 8. axb3 Nxd5 9. Na3 Nd7 10. Nxd7 Bxd7 11. Nc4 e6 12. Bd2 Be7 13. Be2 O-O 14. O-O Rfd8 15. Rfc1 Be8 16. Na5 Rd7 17. Bf3 Rc8 18. Nc4 b6 19. e4 Nf6 20. Be3 c5 21. d5 exd5 22. exd5 Nxd5 23. Bg4 Rcc7 24. Bxd7 Bxd7 25. Bd2 Be6 26. Rd1 h5 27. Be1 Kh7 28. f3 h4 29. Rd3 Bf6 30. Bf2 Nb4 31. Rd2 Nc6 32. Kh1 g5 33. Re1 Nd4 34. Bxd4 Bxd4 35. Nd6 a5 36. Nb5 Rc6 37. Nxd4 cxd4 38. Kg1 Bxb3 39. Rxd4 Be6 40. Re2 Kg6 41. h3 Rc5 42. f4 Rb5 43. fxg5 Kxg5 44. Rde4 Kg6 45. Rxh4 Rb3 46. Ra4 Kf6 47. Kh2 Ke7 48. Rf2 Kf8 49. g4 Kg7 50. h4 Kg6 51. g5 b5 52. Rxa5 Kh5 53. Rg2 Rb4 54. Kg1 Bh3 55. Rh2 Be6 56. Ra8 Kg4 57. h5 Rd4 58. Rg2+ Kxh5 59. g6 1-0

[Event "86th Tata Steel Masters 2024"]
[Site "Wijk aan Zee"]
[Date "2024.01.13"]
[Round "1.4"]
[White "Ju, Wenjun"]
[Black "Giri, Anish"]
[Result "*"]
[WhiteElo "2549"]
[BlackElo "2749"]
[Annotator "TA"]
[PlyCount "33"]
[EventDate "2024.01.02"]
[EventType "tourn"]
[EventCountry "NED"]
[SourceTitle "playchess.com"]
[Source "ChessBase"]
[SourceQuality "1"]

1. e4 c5 2. Nf3 e6 3. g3 Nc6 4. Bg2 Nf6 5. d3 Be7 6. O-O d5 7. Qe2 O-O 8. a4 dxe4 9. dxe4 e5 10. c3 h6 11. Na3 Qc7 12. Nc4 b6 13. Ne3 Na5 14. Nf5 Nb3 15. Rb1 Nxc1 16. Rbxc1 Re8 17. Nd2 *

[Event "Tata Steel Tienkampen 2023"]
[Site "Wijk aan Zee"]
[Date "2023.01.20"]
[Round "1.4"]
[White "Van der Werf, Mark"]
[Black "Lopez, Jasel"]
[Result "1/2-1/2"]
[WhiteElo "2412"]
[BlackElo "2434"]
[Annotator "TA"]
[PlyCount "52"]
[EventDate "2023.01.20"]
[EventType "swiss"]
[EventCountry "NED"]
[SourceTitle "playchess.com"]
[Source "ChessBase"]
[SourceQuality "1"]

1. d4 d5 2. c4 c6 3. Nf3 Nf6 4. e3 Bf5 5. Nc3 e6 6. Nh4 Bg4 7. Qb3 Qc7 8. h3 Bh5 9. g4 Bg6 10. Nxg6 hxg6 11. g5 dxc4 12. Bxc4 Nd5 13. Bd2 Be7 14. f4 Nd7 15. Rc1 Qb8 16. Kf2 a5 17. Be2 Qa7 18. a3 a4 19. Qc4 Bd6 20. Kg2 Qb8 21. Ne4 Bc7 22. h4 Ba5 23. Nc3 Qd6 24. Ne4 Qb8 25. Nc3 Qd6 26. Ne4 Qb8 1/2-1/2

[Event "82nd Tata Steel Masters 2020"]
[Site "Wijk aan Zee"]
[Date "2020.01.11"]
[Round "1.5"]
[White "Anand, Viswanathan"]
[Black "Artemiev, Vladislav"]
[Result "1/2-1/2"]
[WhiteElo "2758"]
[BlackElo "2731"]
[Annotator "TA"]
[PlyCount "61"]
[EventDate "2020.01.11"]
[EventType "tourn"]
[EventCountry "NED"]
[SourceTitle "playchess.com"]
[Source "ChessBase"]
[SourceQuality "1"]

1. e4 c6 2. d4 d5 3. e5 Bf5 4. Nf3 e6 5. Be2 c5 6. Be3 cxd4 7. Nxd4 Ne7 8. O-O Nbc6 9. Bb5 a6 10. Bxc6+ bxc6 11. c4 Qd7 12. Na3 Bg6 13. Qa4 Nf5 14. Nxf5 Bxf5 15. Rfd1 f6 16. Rac1 Be7 17. Bf4 Rd8 18. cxd5 cxd5 19. Qxa6 O-O 20. Qe2 Qa4 21. Bg3 Bxa3 22. bxa3 Qxa3 23. h3 Ra8 24. exf6 gxf6 25. Rc6 Qxa2 26. Rxe6 Bxe6 27. Qxe6+ Kh8 28. Qxd5 Qxd5 29. Rxd5 Kg7 30. Bf4 Rfd8 31. Rb5 1/2-1/2

[Event "83rd Tata Steel Masters 2021"]
[Site "Wijk aan Zee"]
[Date "2021.01.16"]
[Round "1.5"]
[White "Grandelius, Nils"]
[Black "Donchenko, Alexander"]
[Result "1-0"]
[WhiteElo "2663"]
[BlackElo "2668"]
[Annotator "TA"]
[PlyCount "93"]
[EventDate "2021.01.16"]
[EventType "tourn"]
[EventCountry "NED"]
[SourceTitle "playchess.com"]
[Source "ChessBase"]
[SourceQuality "1"]

1. e4 e5 2. Nf3 Nc6 3. Bc4 Nf6 4. d3 Bc5 5. O-O d6 6. c3 a6 7. Re1 Ba7 8. Nbd2 O-O 9. Nf1 Na5 10. Bb3 Nxb3 11. axb3 c6 12. Ng3 h6 13. h3 Be6 14. d4 Re8 15. Be3 d5 16. exd5 exd4 17. Bxd4 Qxd5 18. Bxf6 Qxd1 19. Raxd1 gxf6 20. b4 Red8 21. Ne4 Kg7 22. Nc5 Bxc5 23. bxc5 f5 24. Nd4 Kf6 25. Ra1 a5 26. Ra4 Rd5 27. b4 Ra6 28. Nxe6 fxe6 29. Rea1 Ke5 30. Re1+ Kf6 31. Rea1 Ke5 32. Rxa5 Rxa5 33. Rxa5 Ke4 34. Ra7 Rd1+ 35. Kh2 Rd7 36. Ra1 Rd2 37. Re1+ Kd3 38. Re3+ Kc4 39. f4 h5 40. Kg3 Rd3 41. Rxd3 Kxd3 42. Kh4 Ke3 43. g3 Kf2 44. g4 hxg4 45. hxg4 fxg4 46. Kxg4 Ke3 47. Kg5 1-0

[Event "84th Tata Steel Challengers 2022"]
[Site "Wijk aan Zee"]
[Date "2022.01.15"]
[Round "1.5"]
[White "Vogel, Roven"]
[Black "Warmerdam, Max"]
[Result "1/2-1/2"]
[WhiteElo "2452"]
[BlackElo "2599"]
[Annotator "TA"]
[PlyCount "48"]
[EventDate "2022.01.15"]
[EventType "tourn"]
[EventCountry "NED"]
[SourceTitle "playchess.com"]
[Source "ChessBase"]
[SourceQuality "1"]

1. Nf3 Nf6 2. c4 e6 3. d4 d5 4. e3 a6 5. b3 c5 6. Be2 cxd4 7. exd4 Bb4+ 8. Bd2 Bxd2+ 9. Qxd2 dxc4 10. bxc4 b6 11. O-O O-O 12. Ne5 Bb7 13. Nc3 Qc7 14. Rfd1 Rd8 15. Qe3 Nc6 16. Nxc6 Bxc6 17. Rab1 Rab8 18. h3 h6 19. a4 Qd7 20. d5 exd5 21. Rxb6 Bxa4 22. Rxb8 Rxb8 23. Nxa4 Qxa4 24. cxd5 Re8 1/2-1/2

[Event "Tata Steel Tienkampen 2023"]
[Site "Wijk aan Zee"]
[Date "2023.01.20"]
[Round "1.5"]
[White "Pijpers, Arthur"]
[Black "Beukema, Stefan"]
[Result "1/2-1/2"]
[WhiteElo "2445"]
[BlackElo "2411"]
[Annotator "TA"]
[PlyCount "194"]
[EventDate "2023.01.20"]
[EventType "swiss"]
[EventCountry "NED"]
[SourceTitle "playchess.com"]
[Source "ChessBase"]
[SourceQuality "1"]

1. e4 e5 2. Nf3 Nc6 3. Bb5 a6 4. Ba4 Nf6 5. O-O Be7 6. Re1 b5 7. Bb3 O-O 8. c3 d5 9. exd5 Nxd5 10. Nxe5 Nxe5 11. Rxe5 c6 12. d4 Bd6 13. Re1 Qh4 14. g3 Qh3 15. Qf3 Bg4 16. Qg2 Qh5 17. Be3 Rae8 18. Nd2 Re6 19. f3 Nxe3 20. Qf2 Nd5 21. fxg4 Qxg4 22. Qf3 Qxf3 23. Nxf3 Rfe8 24. Rxe6 Rxe6 25. Kf2 Rf6 26. Re1 g5 27. Kg2 h6 28. Nd2 Kg7 29. Bxd5 cxd5 30. Nf1 Re6 31. Ne3 Kg6 32. Kf2 Rf6+ 33. Ke2 Re6 34. Kd2 h5 35. Nxd5 h4 36. Rg1 f5 37. Kd3 Re8 38. b3 Rh8 39. c4 hxg3 40. hxg3 Rh3 41. c5 Bxg3 42. Kc2 Kf7 43. c6 Ke6 44. c7 Kd7 45. Rf1 Rh2+ 46. Kd3 Bxc7 47. Nxc7 Kxc7 48. Rxf5 g4 49. Rg5 Rg2 50. a4 Rg3+ 51. Kc2 b4 52. Rg6 Kb7 53. a5 Rc3+ 54. Kb2 g3 55. d5 Rf3 56. Kc2 Rc3+ 57. Kb2 Rd3 58. Kc2 Rxd5 59. Rxg3 Kc6 60. Rg6+ Kb5 61. Rb6+ Kxa5 62. Rb8 Rc5+ 63. Kb2 Rb5 64. Rh8 Kb6 65. Rh6+ Ka7 66. Kc2 Rc5+ 67. Kb2 a5 68. Rg6 Kb7 69. Rh6 Rc6 70. Rh5 Kb6 71. Rg5 Rh6 72. Rf5 Rc6 73. Rh5 Rc5 74. Rxc5 Kxc5 75. Kc2 Kc6 76. Kc1 Kb5 77. Kc2 Kc5 78. Kc1 Kd5 79. Kd1 Ke5 80. Ke1 Kf5 81. Kd2 Ke6 82. Ke2 Kd5 83. Kd1 Ke5 84. Ke1 Kf4 85. Kd2 Ke4 86. Ke2 Kd4 87. Kd2 Kc5 88. Kc2 Kb5 89. Kc1 Kb6 90. Kc2 Kc6 91. Kc1 Kb5 92. Kc2 a4 93. bxa4+ Kxa4 94. Kb2 b3 95. Kb1 Ka3 96. Ka1 b2+ 97. Kb1 Kb3 1/2-1/2

[Event "83rd Tata Steel Masters 2021"]
[Site "Wijk aan Zee"]
[Date "2021.01.16"]
[Round "1.6"]
[White "Caruana, Fabiano"]
[Black "Van Foreest, Jorden"]
[Result "1/2-1/2"]
[WhiteElo "2823"]
[BlackElo "2671"]
[Annotator "TA"]
[PlyCount "112"]
[EventDate "2021.01.16"]
[EventType "tourn"]
[EventCountry "NED"]
[SourceTitle "playchess.com"]
[Source "ChessBase"]
[SourceQuality "1"]

1. c4 e6 2. Nc3 d5 3. d4 c5 4. e3 Nf6 5. Nf3 a6 6. cxd5 exd5 7. g3 c4 8. Bg2 Bb4 9. Bd2 O-O 10. b3 Bf5 11. O-O Bd3 12. Re1 Nc6 13. Ne5 Nxe5 14. dxe5 Bxc3 15. Bxc3 Ne4 16. Bb4 Re8 17. f3 a5 18. Ba3 Nc3 19. Qd2 Nb5 20. Bb2 a4 21. f4 a3 22. Bc3 Qb6 23. Bb4 Red8 24. Rac1 Be4 25. Be7 Re8 26. Bxe4 dxe4 27. bxc4 Rxe7 28. Qb4 Rc7 29. Qxb5 Qxb5 30. cxb5 Rac8 31. Rxc7 Rxc7 32. Rd1 g5 33. b6 Rc6 34. Rd8+ Kg7 35. Ra8 Rc1+ 36. Kg2 Rc2+ 37. Kh3 gxf4 38. gxf4 Rxa2 39. Kg4 Rxh2 40. Rxa3 Rb2 41. f5 Rg2+ 42. Kf4 h5 43. Kxe4 h4 44. Ra1 h3 45. Kf3 Rb2 46. Rh1 h2 47. Kg3 Rb5 48. Kf4 Rb2 49. Kf3 Kh6 50. Kf4 Rf2+ 51. Kg4 Re2 52. Kf3 Rb2 53. Kg3 Kg5 54. e6 fxe6 55. fxe6 Rxb6 56. Rxh2 Rxe6 1/2-1/2